00317nam a2200121Ia 4500008004100000041000800041082001200049100001600061245004000077260003500117300003200152365001100184240624s9999 xx 000 0 und d aeng a823 MIL aMILTON JOHN aPARADISE LOST AND PARADISE REGAINED c2011aNew DelhibHarperCollins aviii, : 404 : p. : cm. ; 18 cRSb25